Normal view
MARC view
- Munazza Fatima
Entry Personal Name
001 - CONTROL NUMBER
- control field: 3272
003 - CONTROL NUMBER IDENTIFIER
- control field: NUST
005 - DATE AND TIME OF LATEST TRANSACTION
- control field: 20170713130936.0
008 - FIXED-LENGTH DATA ELEMENTS
- fixed length control field: 170713|| aca||aabn | a|a d
040 ## - CATALOGING SOURCE
- Original cataloging agency: NUST
- Transcribing agency: NUST
100 ## - HEADING--PERSONAL NAME
- Personal name: Munazza Fatima
670 ## - SOURCE DATA FOUND
- Source citation: Work cat.: (NUST): Munazza Fatima, Th-PhD-Hemagglutinin based vaccinal and therapeutic approaches against influenza viruses by Munazza Fatima-sup-Dr. Najam Us Sahar Sadaf Zaidi., 2016.
